| 000 | 01035cam a2200277 a 4500 | ||
|---|---|---|---|
| 005 | 20070514152145.0 | ||
| 008 | 060424s2006 ii b 001 0 eng | ||
| 010 | _aENG-95840 | ||
| 020 |
_a9780198063537 _c445.00 |
||
| 020 |
_a0198063539 _c445.00 |
||
| 035 | _aEN-79373 | ||
| 037 | _bDBAD/PUB | ||
| 040 |
_aDPL _beng |
||
| 082 | _a343.540721 | ||
| 100 | _aRamappa, T. | ||
| 245 |
_aCompetition law in India : _bpolicy, issues, and developments / _cby T. Ramappa |
||
| 250 | _a2nd ed | ||
| 260 |
_aNew Delhi _bOxford University Press _c2009 |
||
| 270 |
_aYMCA library building, jai Singh Road _bNew Delhi _e110001 |
||
| 300 |
_axvi, 398 p. _c23 cm.(pbk) |
||
| 500 | _aIncludes bibliographical references and index | ||
| 650 |
_aAntitrust law _zIndia |
||
| 942 |
_2ddc _cEN _mRAM _h343.540721 |
||
| 999 |
_c33636 _d33636 |
||